[Event "European Senior Team Championship 2021"]
[Site "Don Giovanni hotel, Vinohradska 2733, Prague, Czech Republic"]
[Date "2021.09.02"]
[Round "4"]
[Board "2"]
[White "Jorgensen, Jorgen"]
[Black "Netusil, Miloslav"]
[Result "1/2-1/2"]
[WhiteElo "2165"]
[BlackElo "2146"]
[PlyCount "0"]
[EventDate "2021.08.30"]
[EventType "team"]
[EventRounds "9"]
[EventCountry "ECX"]
[WhiteTeam "SK 2012"]
[BlackTeam "SK SOKOL VYSEHRAD"]

1. Nf3 {[%clk 1:30:56]} d5 {[%clk 1:30:46]} 2. d4 {[%clk 1:31:16]} Bf5
{[%clk 1:29:57]} 3. c4 {[%clk 1:31:00]} e6 {[%clk 1:30:16]} 4. Nc3
{[%clk 1:31:03]} Nf6 {[%clk 1:30:37]} 5. Bg5 {[%clk 1:29:01]} c6 {[%clk 1:30:38]}
6. e3 {[%clk 1:28:59]} Nbd7 {[%clk 1:30:32]} 7. Qb3 {[%clk 1:27:16]} Qb6
{[%clk 1:28:09]} 8. c5 {[%clk 1:26:22]} Qxb3 {[%clk 1:27:37]} 9. axb3
{[%clk 1:26:48]} a6 {[%clk 1:27:46]} 10. b4 {[%clk 1:25:21]} Rc8 {[%clk 1:27:50]}
11. Nh4 {[%clk 1:11:12]} h6 {[%clk 1:21:41]} 12. Bxf6 {[%clk 1:09:03]} Nxf6
{[%clk 1:22:00]} 13. Nxf5 {[%clk 1:08:45]} exf5 {[%clk 1:22:19]} 14. Bd3
{[%clk 1:08:50]} g6 {[%clk 1:22:42]} 15. O-O {[%clk 1:03:22]} Bg7
{[%clk 1:22:58]} 16. Rfd1 {[%clk 0:58:37]} O-O {[%clk 1:22:56]} 17. Ne2
{[%clk 0:58:28]} h5 {[%clk 1:05:47]} 18. h3 {[%clk 0:41:35]} Rce8
{[%clk 1:02:30]} 19. g3 {[%clk 0:37:01]} Bh6 {[%clk 0:40:37]} 20. Kg2
{[%clk 0:32:03]} Re7 {[%clk 0:38:25]} 21. h4 {[%clk 0:24:38]} Rfe8
{[%clk 0:38:08]} 22. Nf4 {[%clk 0:24:46]} Ne4 {[%clk 0:26:46]} 23. Bxe4
{[%clk 0:24:07]} fxe4 {[%clk 0:26:57]} 24. Ne2 {[%clk 0:22:44]} f6
{[%clk 0:25:10]} 25. Rh1 {[%clk 0:22:23]} Rh7 {[%clk 0:24:41]} 26. Kf1
{[%clk 0:21:28]} Kf7 {[%clk 0:24:52]} 27. Ke1 {[%clk 0:21:45]} Bg7
{[%clk 0:24:33]} 28. Kd2 {[%clk 0:21:28]} g5 {[%clk 0:24:52]} 29. Rh2
{[%clk 0:21:36]} Kg6 {[%clk 0:25:12]} 30. Rah1 {[%clk 0:20:58]} Reh8
{[%clk 0:24:04]} 31. Kc3 {[%clk 0:19:34]} Bf8 {[%clk 0:23:34]} 32. Kb3
{[%clk 0:18:51]} Be7 {[%clk 0:23:56]} 33. Ka4 {[%clk 0:18:34]} Bd8
{[%clk 0:24:18]} 34. Kb3 {[%clk 0:15:15]} Bc7 {[%clk 0:24:32]} 35. Kc2
{[%clk 0:15:20]} Ra8 {[%clk 0:24:12]} 36. Ra1 {[%clk 0:14:00]} Rhh8
{[%clk 0:21:23]} 37. Rh3 {[%clk 0:10:19]} Kf5 {[%clk 0:21:19]} 38. Rh2
{[%clk 0:07:28]} Kg4 {[%clk 0:21:07]} 39. Rah1 {[%clk 0:06:38]} a5
{[%clk 0:16:28]} 40. b5 {[%clk 0:06:13]} Bd8 {[%clk 0:11:47]} 41. b6  1/2-1/2

[Event "European Senior Team Championship 2021"]
[Site "Don Giovanni hotel, Vinohradska 2733, Prague, Czech Republic"]
[Date "2021.09.02"]
[Round "4"]
[Board "3"]
[White "Pilar, Miloslav"]
[Black "Mortensen, Steen Juul"]
[Result "1/2-1/2"]
[WhiteElo "2035"]
[BlackElo "1938"]
[PlyCount "0"]
[EventDate "2021.08.30"]
[EventType "team"]
[EventRounds "9"]
[EventCountry "ECX"]
[WhiteTeam "SK SOKOL VYSEHRAD"]
[BlackTeam "SK 2012"]

1. d4 {[%clk 1:30:40]} Nf6 {[%clk 1:31:00]} 2. c4 {[%clk 1:30:59]} g6
{[%clk 1:31:27]} 3. Nc3 {[%clk 1:31:18]} Bg7 {[%clk 1:31:52]} 4. e4
{[%clk 1:31:01]} d6 {[%clk 1:32:03]} 5. Nf3 {[%clk 1:31:14]} O-O {[%clk 1:32:26]}
6. Be2 {[%clk 1:31:36]} e5 {[%clk 1:32:03]} 7. O-O {[%clk 1:31:30]} Nc6
{[%clk 1:31:17]} 8. Be3 {[%clk 1:30:39]} Ng4 {[%clk 1:29:15]} 9. Bg5
{[%clk 1:30:06]} f6 {[%clk 1:29:39]} 10. Bh4 {[%clk 1:29:37]} g5 {[%clk 1:29:06]}
11. Bg3 {[%clk 1:29:40]} Nh6 {[%clk 1:29:01]} 12. dxe5 {[%clk 1:23:52]} dxe5
{[%clk 1:25:40]} 13. Qd5+ {[%clk 1:21:12]} Kh8 {[%clk 1:23:59]} 14. Qxd8
{[%clk 1:19:29]} Nxd8 {[%clk 1:23:30]} 15. Rfd1 {[%clk 1:19:06]} c6
{[%clk 1:22:08]} 16. Ne1 {[%clk 1:15:14]} Be6 {[%clk 1:07:52]} 17. f3
{[%clk 1:04:18]} b6 {[%clk 1:00:58]} 18. Bf2 {[%clk 1:02:08]} Nb7
{[%clk 0:59:43]} 19. b3 {[%clk 0:59:26]} Rfd8 {[%clk 0:53:38]} 20. Nc2
{[%clk 0:57:28]} Bf8 {[%clk 0:45:10]} 21. h3 {[%clk 0:49:22]} Na5
{[%clk 0:37:49]} 22. Rac1 {[%clk 0:46:20]} Nf7 {[%clk 0:35:32]} 23. Kf1
{[%clk 0:43:30]} Kg7 {[%clk 0:34:57]} 24. Rxd8 {[%clk 0:42:46]} Rxd8
{[%clk 0:35:04]} 25. Rd1 {[%clk 0:41:20]} Rxd1+ {[%clk 0:34:52]} 26. Bxd1
{[%clk 0:39:03]} Nd8 {[%clk 0:34:41]}  1/2-1/2

[Event "European Senior Team Championship 2021"]
[Site "Don Giovanni hotel, Vinohradska 2733, Prague, Czech Republic"]
[Date "2021.09.02"]
[Round "4"]
[Board "4"]
[White "Andersson, Finn"]
[Black "Groh, Jiri"]
[Result "1/2-1/2"]
[WhiteElo "1796"]
[BlackElo "2020"]
[PlyCount "0"]
[EventDate "2021.08.30"]
[EventType "team"]
[EventRounds "9"]
[EventCountry "ECX"]
[WhiteTeam "SK 2012"]
[BlackTeam "SK SOKOL VYSEHRAD"]

1. e4 {[%clk 1:30:55]} c5 {[%clk 1:30:47]} 2. Nf3 {[%clk 1:31:16]} Nc6
{[%clk 1:31:08]} 3. Nc3 g6 4. d4 {[%clk 1:30:19]} cxd4 {[%clk 1:31:30]} 5. Nxd4
{[%clk 1:30:46]} Bg7 {[%clk 1:31:49]} 6. Be3 {[%clk 1:31:08]} Nf6
{[%clk 1:32:03]} 7. Be2 {[%clk 1:31:27]} O-O {[%clk 1:32:19]} 8. O-O
{[%clk 1:31:45]} d5 {[%clk 1:32:36]} 9. exd5 {[%clk 1:28:29]} Nb4
{[%clk 1:30:21]} 10. Qd2 {[%clk 1:20:47]} Nbxd5 {[%clk 1:30:30]} 11. Nxd5
{[%clk 1:18:15]} Nxd5 {[%clk 1:30:20]} 12. Bh6 {[%clk 1:14:20]} e5
{[%clk 1:27:41]} 13. Bxg7 {[%clk 1:10:32]} Kxg7 {[%clk 1:28:06]} 14. Rfd1
{[%clk 1:05:33]} Nf4 {[%clk 1:21:44]} 15. Nf3 {[%clk 1:00:02]} Qf6
{[%clk 1:18:32]} 16. Bf1 {[%clk 0:54:09]} Bg4 {[%clk 1:16:17]} 17. Qe3
{[%clk 0:45:22]} Nh3+ {[%clk 1:06:14]} 18. Kh1 {[%clk 0:43:24]} e4
{[%clk 1:01:14]} 19. Rd4 {[%clk 0:36:15]} Rfe8 {[%clk 0:41:25]} 20. Nd2
{[%clk 0:27:50]} Qxf2 {[%clk 0:38:29]} 21. Qxf2 {[%clk 0:28:11]} Nxf2+
{[%clk 0:38:53]} 22. Kg1 {[%clk 0:28:24]} e3 {[%clk 0:38:59]} 23. Nc4
{[%clk 0:25:32]} Bf5 {[%clk 0:32:12]} 24. Re1 {[%clk 0:14:42]} Ng4
{[%clk 0:20:11]} 25. h3 {[%clk 0:14:32]} e2 {[%clk 0:16:23]} 26. Rxe2
{[%clk 0:13:47]} Rxe2 {[%clk 0:16:24]} 27. Bxe2 {[%clk 0:14:06]} Nf6
{[%clk 0:16:32]} 28. Ne3 {[%clk 0:13:13]} Be6 {[%clk 0:16:27]} 29. c4
{[%clk 0:12:52]} b6 {[%clk 0:13:57]} 30. Bf3 Rc8 {[%clk 0:13:57]} 31. Kf2
{[%clk 0:12:28]} h5 {[%clk 0:13:06]} 32. b3 {[%clk 0:11:36]} Kf8 {[%clk 0:10:50]}
33. Nd5 {[%clk 0:08:44]} Bxd5 {[%clk 0:10:41]} 34. Bxd5 {[%clk 0:09:03]} Rd8
{[%clk 0:09:24]} 35. Ke3 {[%clk 0:08:13]} Re8+ {[%clk 0:08:26]} 36. Be4
{[%clk 0:04:15]} Re7 {[%clk 0:08:25]} 37. Rd8+ {[%clk 0:04:13]} Kg7
{[%clk 0:08:48]} 38. Rd4 {[%clk 0:04:28]} Nd7 {[%clk 0:07:32]} 39. Kf2
{[%clk 0:03:48]} Nc5 {[%clk 0:07:24]} 40. Bf3 {[%clk 0:01:51]} Ne6
{[%clk 0:04:01]}  1/2-1/2

[Event "European Senior Team Championship 2021"]
[Site "Don Giovanni hotel, Vinohradska 2733, Prague, Czech Republic"]
[Date "2021.09.02"]
[Round "4"]
[Board "1"]
[White "Farago, Ivan"]
[Black "Afek, Yochanan"]
[Result "1-0"]
[WhiteElo "2323"]
[BlackElo "2202"]
[PlyCount "0"]
[EventDate "2021.08.30"]
[EventType "team"]
[EventRounds "9"]
[EventCountry "ECX"]
[WhiteTeam "HUNGARY"]
[BlackTeam "ISRAEL 2"]

1. d4 {[%clk 1:30:55]} Nf6 {[%clk 1:30:44]} 2. c4 {[%clk 1:31:16]} d6
{[%clk 1:30:47]} 3. Nf3 {[%clk 1:30:55]} g6 {[%clk 1:27:50]} 4. Nc3
{[%clk 1:31:17]} Nbd7 {[%clk 1:27:37]} 5. e4 {[%clk 1:31:15]} e5 {[%clk 1:27:35]}
6. Be2 {[%clk 1:31:27]} Bg7 {[%clk 1:27:36]} 7. O-O {[%clk 1:31:45]} O-O
{[%clk 1:27:51]} 8. Be3 {[%clk 1:31:46]} c6 {[%clk 1:27:56]} 9. Qc2
{[%clk 1:30:50]} Qc7 {[%clk 1:21:10]} 10. Rad1 {[%clk 1:27:20]} a6
{[%clk 1:12:26]} 11. h3 {[%clk 1:21:04]} Re8 {[%clk 1:08:58]} 12. dxe5
{[%clk 1:14:44]} dxe5 {[%clk 1:07:49]} 13. c5 {[%clk 1:13:52]} Nf8
{[%clk 1:01:27]} 14. Rd2 {[%clk 1:12:13]} Ne6 {[%clk 0:52:37]} 15. Rfd1
{[%clk 1:11:25]} Bf8 {[%clk 0:49:21]} 16. Na4 {[%clk 1:10:43]} Rb8
{[%clk 0:28:52]} 17. Nb6 {[%clk 1:08:25]} Nf4 {[%clk 0:28:59]} 18. Bc4
{[%clk 0:55:18]} Ne6 {[%clk 0:20:26]} 19. Ng5 {[%clk 0:47:55]} Nd4
{[%clk 0:15:29]} 20. Bxd4 {[%clk 0:46:11]}  1-0

[Event "European Senior Team Championship 2021"]
[Site "Don Giovanni hotel, Vinohradska 2733, Prague, Czech Republic"]
[Date "2021.09.02"]
[Round "4"]
[Board "2"]
[White "Gal, Moshe"]
[Black "Hardicsay, Peter"]
[Result "1/2-1/2"]
[WhiteElo "2088"]
[BlackElo "2185"]
[PlyCount "0"]
[EventDate "2021.08.30"]
[EventType "team"]
[EventRounds "9"]
[EventCountry "ECX"]
[WhiteTeam "ISRAEL 2"]
[BlackTeam "HUNGARY"]

1. Nf3 {[%clk 1:30:56]} d5 {[%clk 1:29:39]} 2. e3 {[%clk 1:31:18]} g6
{[%clk 1:28:01]} 3. c4 {[%clk 1:30:12]} Nf6 {[%clk 1:27:06]} 4. cxd5
{[%clk 1:29:06]} Nxd5 {[%clk 1:27:28]} 5. d4 {[%clk 1:29:26]} Bg7
{[%clk 1:27:47]} 6. e4 {[%clk 1:29:41]} Nb6 {[%clk 1:27:45]} 7. Bb5+
{[%clk 1:27:46]} c6 {[%clk 1:25:36]} 8. Be2 {[%clk 1:28:07]} Bg4 {[%clk 1:24:30]}
9. Nbd2 {[%clk 1:27:02]} h6 {[%clk 1:18:40]} 10. O-O {[%clk 1:21:54]} O-O
{[%clk 1:15:58]} 11. a4 {[%clk 1:11:48]} a5 {[%clk 1:14:33]} 12. Nb3
{[%clk 1:06:10]} N8d7 {[%clk 1:06:08]} 13. Be3 {[%clk 1:05:04]} Bxf3
{[%clk 1:02:20]} 14. gxf3 {[%clk 1:04:31]} e5 {[%clk 0:55:00]} 15. f4
{[%clk 0:44:28]} exd4 {[%clk 0:25:59]} 16. Nxd4 {[%clk 0:36:59]} Qe7
{[%clk 0:24:47]} 17. Qc2 {[%clk 0:34:35]} Rfe8 {[%clk 0:23:29]} 18. Bf3
{[%clk 0:33:31]} Qb4 {[%clk 0:17:30]}  1/2-1/2

[Event "European Senior Team Championship 2021"]
[Site "Don Giovanni hotel, Vinohradska 2733, Prague, Czech Republic"]
[Date "2021.09.02"]
[Round "4"]
[Board "3"]
[White "Volosin, Vladimir"]
[Black "Segal, Yosef"]
[Result "1-0"]
[WhiteElo "2235"]
[BlackElo "1814"]
[PlyCount "0"]
[EventDate "2021.08.30"]
[EventType "team"]
[EventRounds "9"]
[EventCountry "ECX"]
[WhiteTeam "HUNGARY"]
[BlackTeam "ISRAEL 2"]

1. c4 {[%clk 1:30:55]} Nf6 {[%clk 1:30:49]} 2. Nc3 {[%clk 1:31:10]} e6
{[%clk 1:31:01]} 3. e4 {[%clk 1:31:26]} d6 {[%clk 1:30:48]} 4. g3
{[%clk 1:31:21]} c5 {[%clk 1:30:05]} 5. Bg2 {[%clk 1:31:34]} a6 {[%clk 1:29:32]}
6. Nge2 {[%clk 1:31:39]} Nc6 {[%clk 1:29:39]} 7. O-O {[%clk 1:31:51]} Qc7
{[%clk 1:29:36]} 8. d3 {[%clk 1:26:59]} Be7 {[%clk 1:26:54]} 9. h3
{[%clk 1:25:17]} O-O {[%clk 1:26:49]} 10. Be3 {[%clk 1:24:23]} e5
{[%clk 1:26:48]} 11. f4 {[%clk 1:24:26]} Nd4 {[%clk 1:25:20]} 12. f5
{[%clk 1:21:24]} h6 {[%clk 1:22:36]} 13. g4 {[%clk 1:20:28]} Qd8 {[%clk 1:22:30]}
14. Qd2 {[%clk 1:20:05]} Nh7 {[%clk 1:21:56]} 15. Nd5 {[%clk 1:17:22]} Nxe2+
{[%clk 1:14:26]} 16. Qxe2 {[%clk 1:16:07]} Bg5 {[%clk 1:14:33]} 17. Bf3
{[%clk 1:05:22]} Bh4 {[%clk 1:09:54]} 18. Kg2 {[%clk 1:05:35]} Bd7
{[%clk 1:07:00]} 19. b4 {[%clk 0:55:21]} b6 {[%clk 1:06:40]} 20. a4
{[%clk 0:54:45]} Bc6 {[%clk 1:06:36]} 21. a5 {[%clk 0:54:20]} Bxd5
{[%clk 1:06:13]} 22. exd5 {[%clk 0:54:17]} Be7 {[%clk 1:06:01]} 23. axb6
{[%clk 0:53:28]} Qxb6 {[%clk 1:06:05]} 24. Rfb1 {[%clk 0:53:26]} Rfb8
{[%clk 1:03:48]} 25. Qa2 {[%clk 0:48:05]} Qc7 {[%clk 1:03:08]} 26. bxc5
{[%clk 0:48:13]} Rxb1 27. Rxb1 Qa7 {[%clk 1:01:55]} 28. Qf2 {[%clk 0:47:02]} Bg5
{[%clk 1:00:58]} 29. Bxg5 {[%clk 0:46:40]} Nxg5 {[%clk 1:00:38]} 30. cxd6
{[%clk 0:46:47]} Qxf2+ {[%clk 1:01:03]} 31. Kxf2 {[%clk 0:46:57]} f6
{[%clk 0:56:29]} 32. c5 {[%clk 0:46:42]} Nf7 {[%clk 0:56:26]} 33. d7
{[%clk 0:45:47]}  1-0

[Event "European Senior Team Championship 2021"]
[Site "Don Giovanni hotel, Vinohradska 2733, Prague, Czech Republic"]
[Date "2021.09.02"]
[Round "4"]
[Board "4"]
[White "Postolati, Alexander"]
[Black "Boguszlavszkij, Jevgenyij"]
[Result "1/2-1/2"]
[WhiteElo "1779"]
[BlackElo "2144"]
[PlyCount "0"]
[EventDate "2021.08.30"]
[EventType "team"]
[EventRounds "9"]
[EventCountry "ECX"]
[WhiteTeam "ISRAEL 2"]
[BlackTeam "HUNGARY"]

1. d4 {[%clk 1:28:28]} d5 {[%clk 1:30:42]} 2. Nf3 {[%clk 1:28:53]} Nf6
{[%clk 1:30:52]} 3. c4 {[%clk 1:29:17]} e6 {[%clk 1:31:14]} 4. Nc3
{[%clk 1:29:41]} Nbd7 {[%clk 1:31:00]} 5. Bg5 {[%clk 1:30:01]} c6
{[%clk 1:31:05]} 6. e3 {[%clk 1:30:18]} Be7 {[%clk 1:26:42]} 7. Qc2
{[%clk 1:30:03]} O-O {[%clk 1:27:02]} 8. a3 {[%clk 1:30:01]} Re8 {[%clk 1:26:29]}
9. Bd3 {[%clk 1:27:59]} dxc4 {[%clk 1:21:39]} 10. Bxc4 {[%clk 1:28:21]} Nd5
{[%clk 1:21:41]} 11. Bxe7 {[%clk 1:27:27]} Qxe7 {[%clk 1:21:47]} 12. O-O
{[%clk 1:27:37]} Nxc3 {[%clk 1:13:03]} 13. Qxc3 {[%clk 1:27:49]} b6
{[%clk 1:08:51]} 14. b4 {[%clk 0:56:34]} Bb7 {[%clk 1:08:04]} 15. Be2
{[%clk 0:56:13]} Rac8 {[%clk 1:06:14]} 16. Qb2 {[%clk 0:56:33]} Qf6
{[%clk 1:04:05]} 17. Ne5 {[%clk 0:49:04]} Nxe5 {[%clk 1:02:16]} 18. dxe5
{[%clk 0:49:32]} Qe7 {[%clk 1:01:47]} 19. Bf3 {[%clk 0:49:42]} c5
{[%clk 1:00:59]} 20. Bxb7 {[%clk 0:49:46]} Qxb7 {[%clk 1:01:20]} 21. bxc5
{[%clk 0:49:08]} Rxc5 {[%clk 1:01:41]} 22. Rfd1 {[%clk 0:46:02]} Qc7
{[%clk 0:38:37]} 23. Rd2 {[%clk 0:33:14]} g6 {[%clk 0:32:21]} 24. h3
{[%clk 0:24:16]} Rc8 {[%clk 0:31:14]} 25. Rad1 {[%clk 0:23:58]} Rc1
{[%clk 0:25:47]} 26. Qd4 {[%clk 0:23:28]} Rxd1+ {[%clk 0:23:36]} 27. Rxd1
{[%clk 0:23:57]} Kg7 {[%clk 0:20:10]} 28. Qf4 {[%clk 0:19:40]} Qe7
{[%clk 0:19:32]} 29. Rd6 {[%clk 0:19:35]} Rc5 {[%clk 0:18:51]} 30. Qd4
{[%clk 0:19:31]} Qg5 {[%clk 0:16:49]} 31. Rd7 {[%clk 0:19:06]} Qf5
{[%clk 0:15:49]} 32. Rxa7 {[%clk 0:12:54]} Rc1+ {[%clk 0:15:07]} 33. Kh2
{[%clk 0:12:08]} Qxf2 {[%clk 0:09:48]} 34. Qf4 {[%clk 0:11:55]} Qxf4+
{[%clk 0:09:36]} 35. exf4 {[%clk 0:12:23]} Kf8 {[%clk 0:09:02]} 36. h4
{[%clk 0:04:47]} h5 {[%clk 0:09:02]} 37. Ra8+ {[%clk 0:02:25]} Ke7
{[%clk 0:09:21]} 38. Ra7+ {[%clk 0:02:55]} Ke8 {[%clk 0:09:41]} 39. g3
{[%clk 0:01:37]} Rd1 {[%clk 0:07:48]} 40. Rb7 {[%clk 0:01:47]} Rd2+
{[%clk 0:07:52]} 41. Kh3 {[%clk 0:01:59]} Ra2 {[%clk 0:06:39]} 42. Rxb6
{[%clk 0:02:09]} Rxa3 {[%clk 0:07:03]} 43. Rb8+ {[%clk 0:02:19]} Ke7
{[%clk 0:07:28]} 44. Rb7+ {[%clk 0:02:47]} Kf8 {[%clk 0:07:53]} 45. Rb8+
{[%clk 0:03:13]} Kg7 {[%clk 0:08:19]} 46. Rb7 {[%clk 0:03:40]} Ra2
{[%clk 0:07:50]} 47. Rc7 {[%clk 0:03:55]} Rd2 {[%clk 0:08:13]} 48. Ra7
{[%clk 0:04:11]} Kf8 {[%clk 0:08:31]} 49. Rb7 {[%clk 0:00:41]} Ke8
{[%clk 0:08:53]} 50. Ra7 {[%clk 0:00:40]} Rd7 {[%clk 0:09:02]} 51. Rxd7
{[%clk 0:27:41]} Kxd7 {[%clk 0:39:26]} 52. Kg2 {[%clk 0:27:53]}  1/2-1/2

[Event "European Senior Team Championship 2021"]
[Site "Don Giovanni hotel, Vinohradska 2733, Prague, Czech Republic"]
[Date "2021.09.02"]
[Round "4"]
[Board "1"]
[White "Renman, Nils-Gustaf"]
[Black "Pacl, Vaclav"]
[Result "0-1"]
[WhiteElo "2311"]
[BlackElo "2015"]
[PlyCount "0"]
[EventDate "2021.08.30"]
[EventType "team"]
[EventRounds "9"]
[EventCountry "ECX"]
[WhiteTeam "SWEDEN 1"]
[BlackTeam "SK PLZEN"]

1. d4 {[%clk 1:30:58]} d5 {[%clk 1:30:35]} 2. c4 {[%clk 1:30:59]} dxc4
{[%clk 1:30:54]} 3. Nf3 {[%clk 1:31:05]} a6 {[%clk 1:31:16]} 4. a4
{[%clk 1:30:41]} Nc6 {[%clk 1:30:56]} 5. e3 {[%clk 1:29:12]} Bg4 {[%clk 1:28:03]}
6. Bxc4 {[%clk 1:29:19]} e6 {[%clk 1:28:12]} 7. O-O {[%clk 1:28:54]} Nf6
{[%clk 1:28:23]} 8. h3 {[%clk 1:29:07]} Bh5 {[%clk 1:28:42]} 9. Nc3
{[%clk 1:24:14]} Bb4 {[%clk 1:20:49]} 10. Bd2 {[%clk 1:21:23]} O-O
{[%clk 1:19:40]} 11. g4 {[%clk 1:18:37]} Bg6 {[%clk 1:18:20]} 12. Nh4
{[%clk 1:16:33]} Na5 {[%clk 1:08:45]} 13. Nxg6 {[%clk 1:15:30]} hxg6
{[%clk 1:09:03]} 14. Ba2 {[%clk 1:12:58]} c5 {[%clk 1:09:15]} 15. dxc5
{[%clk 1:10:19]} Bxc5 {[%clk 1:09:21]} 16. Qe2 {[%clk 1:05:22]} Nc6
{[%clk 1:06:21]} 17. Rfd1 {[%clk 1:04:08]} Qe7 {[%clk 1:05:13]} 18. g5
{[%clk 0:56:26]} Nd7 {[%clk 0:58:33]} 19. Ne4 {[%clk 0:56:22]} Ba7
{[%clk 0:57:03]} 20. h4 {[%clk 0:48:33]} Nc5 {[%clk 0:53:11]} 21. Nxc5
{[%clk 0:47:25]} Bxc5 {[%clk 0:49:06]} 22. Rac1 {[%clk 0:42:05]} Rac8
{[%clk 0:44:49]} 23. Kg2 {[%clk 0:38:36]} Rfd8 {[%clk 0:41:17]} 24. Bb1
{[%clk 0:31:10]} Rd7 {[%clk 0:32:11]} 25. Be4 {[%clk 0:31:09]} Rdc7
{[%clk 0:32:28]} 26. Rc2 {[%clk 0:27:14]} Nb4 {[%clk 0:28:16]} 27. Rc4
{[%clk 0:24:11]} Nd5 {[%clk 0:27:04]} 28. Rdc1 {[%clk 0:23:18]} Nb6
{[%clk 0:23:14]} 29. R4c2 {[%clk 0:19:36]} Nd5 {[%clk 0:22:42]} 30. Qf3
{[%clk 0:16:42]} Qd7 {[%clk 0:22:22]} 31. h5 {[%clk 0:15:01]} Ne7
{[%clk 0:20:38]} 32. b3 {[%clk 0:07:34]} b6 {[%clk 0:16:51]} 33. Rh1
{[%clk 0:07:27]} Nf5 {[%clk 0:16:25]} 34. Qh3 {[%clk 0:05:39]} Be7
{[%clk 0:14:29]} 35. Bxf5 {[%clk 0:04:34]} exf5 {[%clk 0:14:07]} 36. Rxc7
{[%clk 0:04:15]} Rxc7 {[%clk 0:14:17]} 37. hxg6 {[%clk 0:02:36]} fxg6
{[%clk 0:14:21]} 38. Qh7+ {[%clk 0:01:57]} Kf7 {[%clk 0:14:38]} 39. Rh6
{[%clk 0:02:24]} Qc6+ {[%clk 0:14:05]} 40. Kg1 {[%clk 0:02:03]} Bxg5
{[%clk 0:14:05]} 41. Rh2 {[%clk 0:02:17]} Rd7 {[%clk 0:11:51]} 42. f4
{[%clk 0:02:40]} Rxd2 {[%clk 0:12:02]}  0-1

[Event "European Senior Team Championship 2021"]
[Site "Don Giovanni hotel, Vinohradska 2733, Prague, Czech Republic"]
[Date "2021.09.02"]
[Round "4"]
[Board "2"]
[White "Bartonicek, Zdenek"]
[Black "Uddenfeldt, Dan"]
[Result "0-1"]
[WhiteElo "1970"]
[BlackElo "2309"]
[PlyCount "0"]
[EventDate "2021.08.30"]
[EventType "team"]
[EventRounds "9"]
[EventCountry "ECX"]
[WhiteTeam "SK PLZEN"]
[BlackTeam "SWEDEN 1"]

1. e4 {[%clk 1:30:49]} c5 {[%clk 1:30:02]} 2. Nc3 {[%clk 1:30:34]} e6
{[%clk 1:29:40]} 3. f4 {[%clk 1:27:06]} a6 {[%clk 1:28:32]} 4. Nf3
{[%clk 1:25:55]} b5 {[%clk 1:25:18]} 5. d3 {[%clk 1:20:12]} Bb7 {[%clk 1:23:09]}
6. Be2 {[%clk 1:19:03]} Nc6 {[%clk 1:20:51]} 7. O-O {[%clk 1:18:29]} b4
{[%clk 1:14:03]} 8. Na4 {[%clk 1:13:32]} Nf6 {[%clk 1:10:58]} 9. Qe1
{[%clk 1:07:38]} d5 {[%clk 1:09:01]} 10. e5 {[%clk 1:06:38]} Nd7 {[%clk 1:08:58]}
11. f5 {[%clk 1:02:19]} exf5 {[%clk 1:02:41]} 12. e6 {[%clk 1:01:51]} fxe6
{[%clk 0:49:25]} 13. Ng5 {[%clk 1:01:36]} Qe7 {[%clk 0:39:32]} 14. Bh5+
{[%clk 0:58:58]} g6 {[%clk 0:36:57]} 15. Nxe6 {[%clk 0:59:11]} Nd4
{[%clk 0:36:09]} 16. Nxd4 {[%clk 0:52:43]} cxd4 {[%clk 0:33:47]} 17. Bg5
{[%clk 0:50:46]} Qxe1 {[%clk 0:32:25]} 18. Raxe1+ {[%clk 0:46:01]} Kf7
{[%clk 0:32:35]} 19. Bd1 {[%clk 0:38:03]} h5 {[%clk 0:30:58]} 20. c3
{[%clk 0:34:44]} bxc3 {[%clk 0:28:39]} 21. bxc3 {[%clk 0:35:00]} dxc3
{[%clk 0:28:39]} 22. Nxc3 {[%clk 0:35:06]} Bc5+ {[%clk 0:28:29]} 23. Kh1
{[%clk 0:35:12]} Rhe8 {[%clk 0:28:47]} 24. Bb3 {[%clk 0:35:03]} Nb6
{[%clk 0:28:45]} 25. Na4 {[%clk 0:32:30]} Nd7 {[%clk 0:20:02]} 26. Nc3
{[%clk 0:25:50]} Rxe1 {[%clk 0:19:47]} 27. Rxe1 {[%clk 0:26:10]} Bb4
{[%clk 0:19:40]} 28. Re2 {[%clk 0:17:39]} Nb6 {[%clk 0:16:21]} 29. Na4
{[%clk 0:17:23]} Nxa4 {[%clk 0:16:04]} 30. Bxa4 {[%clk 0:17:45]} Bd6
{[%clk 0:15:03]} 31. g3 {[%clk 0:14:05]} d4+ {[%clk 0:14:37]} 32. Kg1
{[%clk 0:14:21]} Bd5 {[%clk 0:14:49]} 33. Rb2 {[%clk 0:12:06]} Rb8
{[%clk 0:14:46]} 34. Rxb8 {[%clk 0:10:41]} Bxb8 {[%clk 0:15:14]} 35. Bb3
{[%clk 0:10:54]} Bxb3 {[%clk 0:15:07]} 36. axb3 {[%clk 0:11:16]} Ke6
{[%clk 0:15:15]} 37. Kf2 {[%clk 0:11:40]} Bd6 {[%clk 0:14:56]} 38. Kf3
{[%clk 0:11:22]} Be7 {[%clk 0:12:37]} 39. Bd2 {[%clk 0:09:18]} g5
{[%clk 0:12:38]} 40. h3 {[%clk 0:08:49]} g4+ {[%clk 0:12:34]} 41. hxg4
{[%clk 0:09:01]} hxg4+ {[%clk 0:13:02]} 42. Kf2 Kd5 43. Bc1 {[%clk 0:07:56]} Bb4
{[%clk 0:12:15]} 44. Bb2 {[%clk 0:06:10]} Kc5 {[%clk 0:12:28]} 45. Ke2
{[%clk 0:05:54]} Bc3 {[%clk 0:12:26]} 46. Ba3+ {[%clk 0:05:53]} Kb5
{[%clk 0:10:35]} 47. Kf2 {[%clk 0:04:26]} Bd2 {[%clk 0:08:37]} 48. Ke2
{[%clk 0:03:55]} Bg5 {[%clk 0:08:03]} 49. Kf2 {[%clk 0:03:00]} a5
{[%clk 0:07:53]} 50. Ke2 {[%clk 0:02:26]} Bf6 {[%clk 0:07:45]} 51. Kf2
{[%clk 0:02:39]} Be5 {[%clk 0:08:03]} 52. Kg2 {[%clk 0:01:57]} a4
{[%clk 0:08:14]} 53. bxa4+ {[%clk 0:20:39]} Kxa4 {[%clk 0:38:41]}  0-1